000 00623cam a22002053a 4500
001 40012
003 PGUSA
005 20140828083906.0
008 120616s2012||||xxu|||||s|||||000 | eng d
040 _aPGUSA
_beng
042 _adc
100 1 _aEbner-Eschenbach, Marie von,
_d1830-1916
245 1 0 _aEin Buch, das gern ein Volksbuch werden möchte
_h[electronic resource] /
_cMarie von Ebner-Eschenbach
260 _bProject Gutenberg,
_c2012
506 _aPublic domain in the USA.
516 _aElectronic text
830 0 _aProject Gutenberg
_v40012
856 4 0 _uhttp://www.gutenberg.org/ebooks/40012
942 _cEB
999 _c269265
_d269265